Kitāb al-tuffāḥah fī al-naḥw, (Record no. 48943)

MARC details
000 -LEADER
fixed length control field 00745cam a22002291 4500
001 - CONTROL NUMBER
control field ne 66001048
003 - CONTROL NUMBER IDENTIFIER
control field DLC
005 - DATE AND TIME OF LATEST TRANSACTION
control field 20260227111824.0
008 - FIXED-LENGTH DATA ELEMENTS--GENERAL INFORMATION
fixed length control field 901002s1965 iq 000 0 ararc
010 ## - LIBRARY OF CONGRESS CONTROL NUMBER
LC control number ne 66001048
035 ## - SYSTEM CONTROL NUMBER
System control number (OCoLC)22461760
040 ## - CATALOGING SOURCE
Original cataloging agency Princeton Univ. Libr.
Transcribing agency WaU
Modifying agency WaU
-- DLC
042 ## - AUTHENTICATION CODE
Authentication code premarc
050 00 - LIBRARY OF CONGRESS CALL NUMBER
Classification number PJ6095
Item number .N3
100 1# - MAIN ENTRY--PERSONAL NAME
Personal name Naḥḥās, Aḥmad ibn Muḥammad,
Dates associated with a name -950.
245 10 - TITLE STATEMENT
Title Kitāb al-tuffāḥah fī al-naḥw,
Statement of responsibility, etc. taʼlīf Abī Jaʻfar al-Naḥḥās al-Naḥawī. Taḥqīq Kūrkīs ʻAwwād.
260 ## - PUBLICATION, DISTRIBUTION, ETC.
Place of publication, distribution, etc. Baghdād,
Name of publisher, distributor, etc. Maṭbaʻat al-ʻĀnī,
Date of publication, distribution, etc. 1965.
300 ## - PHYSICAL DESCRIPTION
Extent 32 p.
Dimensions 24 cm.
650 #0 - SUBJECT ADDED ENTRY--TOPICAL TERM
Topical term or geographic name entry element Arabic language
General subdivision Grammar.
700 1# - ADDED ENTRY--PERSONAL NAME
Personal name ʻAwwād, Kūrkīs.
740 0# - ADDED ENTRY--UNCONTROLLED RELATED/ANALYTICAL TITLE
Uncontrolled related/analytical title Tuffāḥah fī al-nahw.

No items available.

Powered by Koha